Návrh systému polohovania radiálneho magnetického ložiska

Saved in:
Bibliographic Details
Main Author: Jarčuška, Martin (Author)
Other Authors: Žalman, Milan (Thesis advisor)
Format: Manuscript Book
Language:Slovak
Published: Bratislava : STU v Bratislave FEI, 2015
Subjects:
Online Access:http://is.stuba.sk/zp/portal_zp.pl?podrobnosti=100377
Tags: Add Tag
No Tags, Be the first to tag this record!

MARC

LEADER 00000ntm a22000003a 4500
001 stuzp35578
003 SK-STU
005 20230413101229.3
007 ta
008 150427s2015----xo-----f-mn---000-0-slo-d
040 |a STU  |b slo 
041 0 |a slo 
100 1 |a Jarčuška, Martin  |u 031000  |4 aut  |U FEI Fakulta elektrotechniky a informatiky  |T FEI Ústav robotiky a kybernetiky  |X 51274  |U E011  |Y 356  |7 A000051274 
242 0 1 |a Positioning system design of the radial magnetic bearing  |y eng 
245 1 0 |a Návrh systému polohovania radiálneho magnetického ložiska 
260 |a Bratislava : 
260 |b STU v Bratislave FEI, 
260 |c 2015 
650 4 |a Aktívne magnetické ložisko  |2 slo 
650 4 |a PID regulátor  |2 slo 
650 4 |a menič  |2 slo 
650 4 |a PID controller  |2 eng 
650 4 |a Active magnetic bearing  |2 eng 
650 4 |a Inverter  |2 eng 
700 1 |a Žalman, Milan  |u 031000  |k Z8  |4 ths  |U FEI Fakulta elektrotechniky a informatiky  |T FEI Ústav robotiky a kybernetiky  |X 4928  |U E011  |Y 356  |7 A000004928 
856 4 |u http://is.stuba.sk/zp/portal_zp.pl?podrobnosti=100377 
996 |b 284ED01519  |c E*ZP-383  |l EE01  |s A  |a 24  |w stuzp35578_0001 
SQL |a stuzp35578  |b DDZ  |c SLO  |d Návrh systému polohovania radiálneho magnetického ložiska  |e 51274  |f Jarčuška, Martin  |g 031000  |h 4928  |i Žalman, Milan  |j 20151028  |k 89  |l 03  |m http://is.stuba.sk/zp/portal_zp.pl?podrobnosti=100377  |n D-ATMM  |o 5.2.14. automatizácia